| 000 | 03555nam a22004331 4500 | ||
|---|---|---|---|
| 005 | 20050808122104.0 | ||
| 008 | 721219s1962 nyu 000 0 eng | ||
| 010 | _aENG-93727 B-340320-330 | ||
| 020 |
_a9788186208557 _c495.00 |
||
| 020 |
_a8186208550 _c495.00 |
||
| 035 | _aEN-77260 | ||
| 035 | _aB-340320-330 | ||
| 037 | _bDBAD / PUB | ||
| 037 | _bRaj Publications | ||
| 040 |
_adpl _bEnglish |
||
| 082 | _a780.9545 | ||
| 100 | _aSharma, Prabal | ||
| 245 |
_aMusic culture of North-East India / _cby Prabal Sharma |
||
| 260 |
_aNew Delhi _bRaj Publications _c2008 |
||
| 270 |
_a108, 4855/24, Ansari Road, Daryaganj _bNew Delhi _e110002 _k30120939 _k9811010939 _mrajpublications@yahoo.co.in |
||
| 300 |
_a232 p. _c23 cm. (Hb) |
||
| 500 | _aIncludes bibliographical references | ||
| 650 |
_aMusic _zIndia _zNorth East Frontier Agency. |
||
| 650 |
_aMusical instruments _zIndia _zNorth East Frontier Agency. |
||
| 942 |
_2ddc _cEN _h780.9545 _mSHA |
||
| 999 |
_c24141 _d24141 |
||